000 00683cam a22002413a 4500
001 33236
003 PGUSA
005 20140828083723.0
008 100723s2010||||xxu|||||s|||||000 | eng d
040 _aPGUSA
_beng
042 _adc
050 4 _aQL
100 1 _aScharff, R. F.
_q(Robert Francis),
_d1858-1934
245 1 4 _aThe History of the European Fauna
_h[electronic resource] /
_cR. F. Scharff
260 _bProject Gutenberg,
_c2010
506 _aPublic domain in the USA.
516 _aElectronic text
653 _aZoogeography
653 _aAnimals -- Europe
830 0 _aProject Gutenberg
_v33236
856 4 0 _uhttp://www.gutenberg.org/ebooks/33236
942 _cEB
999 _c262491
_d262491